Fundamentos de financiación empresarial (Registro nro. 1150)

Detalles MARC
000 -LEADER
fixed length control field 01295 a2200289 4500
001 - CONTROL NUMBER
control field 23980
005 - DATE AND TIME OF LATEST TRANSACTION
control field 20260407155526.0
008 - FIXED-LENGTH DATA ELEMENTS--GENERAL INFORMATION
fixed length control field 260407a1988 arg spa d
003 - CONTROL NUMBER IDENTIFIER
control field AR-UNSa-BCEJYS
040 ## - CATALOGING SOURCE
Original cataloging agency AR-UNSa-BCEJYS
Language of cataloging spa
Transcribing agency AR-UNSa-BCEJYS
080 ## - UNIVERSAL DECIMAL CLASSIFICATION NUMBER
Universal Decimal Classification number 658.15
Common auxiliary subdivision Administración financiera privada. Gestión financiera de empresas<br/>
020 ## - INTERNATIONAL STANDARD BOOK NUMBER
International Standard Book Number 84-7615-171-3
041 ## - LANGUAGE CODE
Language code of text/sound track or separate title spa
100 1# - MAIN ENTRY--PERSONAL NAME
Personal name Brealey, Richard A.
245 10 - TITLE STATEMENT
Title Fundamentos de financiación empresarial
250 ## - EDITION STATEMENT
Edition statement 2a. ed
264 #1 - PRODUCTION, PUBLICATION, DISTRIBUTION, MANUFACTURE, AND COPYRIGHT NOTICE
Place of production, publication, distribution, manufacture Madrid :
Name of producer, publisher, distributor, manufacturer McGraw-Hill
Date of production, publication, distribution, manufacture, or copyright notice 1988
300 ## - PHYSICAL DESCRIPTION
Extent xxvi, 948 p.
Dimensions 24 cm.
505 ## - FORMATTED CONTENTS NOTE
Formatted contents note 1. Introducción - 2. El valor - 3. Riego - 4. Problemas practicos en la elaboración de presupuestos de capital - 5. Eficiencia del mercado y decisiones de financiación - 6. Politica de dividendos y estructura de capital - 7. Valoración de los diferentes tipos de deudas - 8. Planificación financiera - 9. Decisiones finacieras a corto plazo - 10. Fusiones, financiación internacional y pensiones - 11. Conclusiones.
590 ## - LOCAL NOTE (RLIN)
Local note niveau_biblio:m niveau_hierar:0
700 1# - ADDED ENTRY--PERSONAL NAME
Personal name Myers, Stewart C.
700 1# - ADDED ENTRY--PERSONAL NAME
Personal name Espitia Escuder, Manuel
700 1# - ADDED ENTRY--PERSONAL NAME
Personal name Ansotegui Alcoz, Maria del Camen
700 1# - ADDED ENTRY--PERSONAL NAME
Personal name Rodriguez Fernandez, Jose Miguel
700 1# - ADDED ENTRY--PERSONAL NAME
Personal name Azofra Palenzuela, Valentín
942 ## - ADDED ENTRY ELEMENTS (KOHA)
Koha item type
Existencias
Withdrawn status Lost status Damaged status Not for loan Home library Current library Shelving location Date acquired Total checkouts Full call number Barcode Date last seen Price effective from Koha item type
        Biblioteca Prof. Eusebio Cleto del Rey Biblioteca Prof. Eusebio Cleto del Rey   07/04/2026   658.15 B828 2ed. L58763 07/04/2026 07/04/2026 Libro
        Biblioteca Prof. Eusebio Cleto del Rey Biblioteca Prof. Eusebio Cleto del Rey   07/04/2026   658.15 B828 2ed. L58764 07/04/2026 07/04/2026 Libro